Central Library OPAC University of Rajshahi

Can science save us? / (Record no. 33769)

MARC details
000 -LEADER
fixed length control field 00773cam a22002771 4500
001 - CONTROL NUMBER
control field 33769
003 - CONTROL NUMBER IDENTIFIER
rucl marc code BD-RjUL
005 - DATE AND TIME OF LATEST TRANSACTION
control field 20211209052045.0
008 - FIXED-LENGTH DATA ELEMENTS--GENERAL INFORMATION
fixed length control field 140511r1975 nyu 001 0 eng d
035 ## - SYSTEM CONTROL NUMBER
System control number (BD-RjUL)33860
System control number (OCoLC)972884
040 ## - CATALOGING SOURCE
Original cataloging agency DLC
Transcribing agency TxU-Da
Modifying agency OCoLC
-- DLC
-- BD-RjUL
Language of cataloging eng
041 ## - LANGUAGE CODE
Language code of text/sound track or separate title eng
082 04 - DEWEY DECIMAL CLASSIFICATION NUMBER
Classification number 301.018
Author mark and year LUC 1975
100 1# - MAIN ENTRY--PERSONAL NAME
Personal name Lundberg, George Andrew,
Dates associated with a name 1895-
9 (RLIN) 102541
245 10 - TITLE STATEMENT
Title Can science save us? /
Statement of responsibility, etc. George A. Lundberg
250 ## - EDITION STATEMENT
Edition statement 2d ed.
260 ## - PUBLICATION, DISTRIBUTION, ETC. (IMPRINT)
Place of publication, distribution, etc. New York :
Name of publisher, distributor, etc. Greenwood,
Date of publication, distribution, etc. 1961[renewed 1975].
300 ## - PHYSICAL DESCRIPTION
Pagination 150 p. ;
Size 19 cm.
504 ## - BIBLIOGRAPHY, ETC. NOTE
Bibliography, etc includes index.
650 #0 - SUBJECT ADDED ENTRY--TOPICAL TERM
Topical term or geographic name as entry element Science
General subdivision Methodology.
9 (RLIN) 102542
Topical term or geographic name as entry element Sociology.
9 (RLIN) 102543
942 ## - ADDED ENTRY ELEMENTS (KOHA)
Source of classification or shelving scheme Dewey Decimal Classification
Koha item type Books
Holdings
Lost status Source of classification or shelving scheme Damaged status Not for loan Collection code Permanent Location Current Location Shelving location Date acquired Source of acquisition Total Checkouts Full call number Date last seen Copy number Koha item type
  Dewey Decimal Classification   Not For Loan Non-fiction Central Library, University of Rajshahi Central Library, University of Rajshahi Reading Room 30/04/1984 asia foundation   301.018 LUC 1975 11/05/2014 C-1 Books